000
00361nam a2200169Ia 4500
100
_a
Larose/Daniel T
650
_a
Data Mining
942
_c
BK
366
_f
27
654
_a
datamining
245
_a
Datamining:Methods and models
260
_b
Wiley India
_c
2006
082
_a
5.741
_b
LAR
300
_a
322
546
_a
ENGLISH
_c
Computers
999
_c
34481
_d
34481